Biblioteca

Preaching the Old Testament (Registro nro. 64178)

Detalles MARC
000 -LÍDER
Campo fijo de descripción fija 02150nam a22003734i 4500
001 - NÚMERO DE CONTROL
Campo de control 14403838
003 - IDENTIFICADOR DEL NÚMERO DE CONTROL
Campo de control CO-MdFUSB
005 - FECHA Y HORA DE LA ULTIMA TRANSACCIÓN
control field 20180119081047.0
008 - ELEMENTOS DE LONGITUD FIJA -- INFORMACIÓN GENERAL
Campo fijo de descripción fija -- Información general 060607t2006 miu g b 000 0 eng
010 ## - NÚMERO DE CONTROL DE LA BIBLIOTECA DEL CONGRESO
Número de control LC 2006018860
020 ## - NÚMERO INTERNACIONAL NORMALIZADO PARA LIBROS
Número Internacional Normalizado del libro 0801066239 (pbk.)
020 ## - NÚMERO INTERNACIONAL NORMALIZADO PARA LIBROS
Número Internacional Normalizado del libro 9780801066238
040 ## - FUENTE DE CATALOGACIÓN
Agencia de catalogación original DLC
Agencia que realiza la transcripción CO-MdFUSB
Agencia que realiza la modificación CO-MdFUSB
Idioma de catalogación spa
Convenciones de la descripción rda
041 ## - CÓDIGO DE IDIOMA
Código de idioma para texto/pista de sonido o título separado eng
082 00 - NÚMERO DE CLASIFICACIÓN DECIMAL DEWEY
Número de la edición del Dewey 24
Número de clasificación G 252
Clave de autor-Numero de item P922p
242 00 - TRADUCCIÓN DEL TÍTULO POR AGENCIA CATALOGADORA
Título Predicando el Antiguo Testamento
Idioma del título original Inglés
245 00 - TÍTULO
Título del Material Preaching the Old Testament
Mención de responsabilidad, etc. / editado por Scott M. Gibson ; prefacio por Haddon W. Robinson
Parte restante del título - Subtitulo :
264 #1 - PRODUCCIÓN, PUBLICACIÓN, DISTRIBUCIÓN, MANUFACTURA, Y COPYRIGHT
Lugar de producción, publicación, distribución, manufactura Grand Rapids, Mich. :
Nombre del productor, publicador, distribuidor Baker Books,
Fecha de producción, publicación, distribución, manufactura, o copyright ℗2006
264 #4 - PRODUCCIÓN, PUBLICACIÓN, DISTRIBUCIÓN, MANUFACTURA, Y COPYRIGHT
Fecha de producción, publicación, distribución, manufactura, o copyright ©2006
300 ## - DESCRIPCIÓN FÍSICA
Extensión 222 páginas ;
Dimensiones 23 cm.
Otros detalles físicos :
336 ## - TIPO DE CONTENIDO
Fuente rdacontent
Término de tipo de contenido texto
Código de tipo de contenido txt
337 ## - TIPO DE MEDIO
Fuente rdamedia
Nombre del tipo de medio sin mediación
Código del tipo de medio n
338 ## - TIPO DE SOPORTE
Fuente rdacarrier
Nombre del tipo de soporte volumen
Código Tipo de soporte nc
504 ## - NOTA DE BIBLIOGRAFÍA, ETC.
Nota de bibliografía, etc Bibliografía (p. 199-218)
505 0# - NOTA DE CONTENIDO
Nota de contenido con formato preestablecido Prólogo de Haddon W. Robinson -- Introducción: Kaiser es la palabra clave / Scott M. Gibson -- Retos para predicar el Antiguo Testamento / Scott M. Gibson -- Mantener su hebreo saludable / Dennis R. Magary -- Predicación de los libros históricos / Carol M. Kaminski -- Predicando las narraciones del Antiguo Testamento / Jeffrey D. Arthurs -- Predicando de la Ley / Douglas K. Stuart -- Predicando de los Salmos y Proverbios / Duane A. Garrett -- Predicación de los Profetas / John H. Sailhamer -- Predicando el Antiguo Testamento a la luz de su cultura / Timothy S. Laniak -- Hacia la predicación efectiva de los textos del Nuevo Testamento que citan el Antiguo Testamento / Roy E. Ciampa -- Predicando el Antiguo Testamento hoy / David L. Larsen -- Predicando el Antiguo Testamento de manera evangélica / Robert E. Coleman --<br/> Epílogo: predicar el Antiguo Testamento / Scott M. Gibson.
650 #0 - ASIENTO SECUNDARIO DE MATERIA - TERMINO TEMÁTICO
9 (RLIN) 54
Término temático o nombre geográfico como elemento de entrada Predicación
700 1# - ASIENTO SECUNDARIO - NOMBRE PERSONAL
Nombre personal Gibson, Scott M.,
Fechas asociadas con el nombre 1957-
906 ## - LOCAL DATA ELEMENT F, LDF (RLIN)
a 7
b cbc
c orignew
d 1
e ecip
f 20
g y-gencatlg
942 ## - TIPO DE MATERIAL (KOHA)
Tipo de Item KOHA Libros General
Existencias
Estado de Material Estado de Perdido Forma de Clasificación Estado de Dañado No para Préstamo Colección Biblioteca de Origen Biblioteca Permanente Fecha de Adquisición Total de Préstamos Signatura Topográfica Código de Barras Última vez visto Ejemplar/Existencia Fecha de Remplazo Tipo de Material
    Dewey Decimal Classification     Colección General Biblioteca FUSBC Biblioteca FUSBC 17/01/2018   G 252 P922p 12475 12/02/2025 Ej. 1 17/01/2018 Libros General

Biblioteca FUSBC | Teléfono: (57+4) 349 88 10 Ext. 141| WhatsApp (+57) 3005338115 
E-mail: biblioteca@unisbc.edu.co | Calle 76 87-14 Robledo Palenque, Medellín, Colombia

Con tecnología Koha